Album Covers by Letter - W - Statistics

General Stats
  • This quiz has been taken 109 times
  • The average score is 9 of 16
Answer Stats
Picture Answer % Correct
With the Beatles - The Beatles
89%
Weezer - Weezer
88%
Wish You Were Here - Pink Floyd
80%
Whitney - Whitney Houston
77%
White Blood Cells - The White Stripes
76%
What's Going On - Marvin Gaye
70%
When We All Fall Asleep, Where Do We Go? - Billie Eilish
69%
Who's Next - The Who
69%
Whatever People Say I Am, That's What I'm Not - Arctic Monkeys
61%
Wu-Tang Forever - Wu-Tang Clan
54%
War - U2
52%
White Pony - Deftones
47%
When the Pawn... - Fiona Apple
37%
Warrior - Kesha
22%
What Do You Think About the Car? - Declan McKenna
21%
Wildflowers - Tom Petty
8%
No matching quizzes found
Score Distribution
Percent of People with Each Score
Percentile by Number Answered
Your Score History
You have not taken this quiz